000 00778nas a2200241Ia 4500
001 A03/R024-45066
003 IT-MiCISF
005 20241216151540.0
008 161014c99999999xx |||||||||||| ||und||
040 _aIT-MiCISF
_cIT-MiCISF
041 _ait
100 _aVigna Carmelo (et al.)
_961020
245 0 _aLa forza della lode. Elogio e consenso nelle relazioni umane
250 _a"Famiglia oggi", n. 12, dicembre
260 _c2007
300 _app. 6-48
500 _a persona, filosofia, rapporti-interpersonali, consulenza, rapporti-genitori-figli, scuola, lavoro
650 _apersona
654 _adossier
700 _aZattoni M., Grillini G., Fabio R.A., Liverta Sempio O., Bombelli M.C., Michelini P.G.
_961213
942 _cCR
_2ddc
999 _c228689
_d228689
999 _bSi